| 000 -LEADER |
| fixed length control field |
01256cam a2200337 a 4500 |
| 001 - CONTROL NUMBER |
| control field |
(Sirsi) a713792 |
| 003 - CONTROL NUMBER IDENTIFIER |
| control field |
OSt |
| 005 - DATE AND TIME OF LATEST TRANSACTION |
| control field |
20191205153718.0 |
| 008 - FIXED-LENGTH DATA ELEMENTS--GENERAL INFORMATION |
| fixed length control field |
110901t20092008nyua c 000 1 eng d |
| 020 ## - INTERNATIONAL STANDARD BOOK NUMBER |
| International Standard Book Number |
9780316113687 (pbk.) : |
| 020 ## - INTERNATIONAL STANDARD BOOK NUMBER |
| International Standard Book Number |
0316113689 (pbk.) : |
| 040 ## - CATALOGING SOURCE |
| Original cataloging agency |
CHA |
| Language of cataloging |
eng |
| Transcribing agency |
TAE |
| 042 ## - AUTHENTICATION CODE |
| Authentication code |
nbic |
| 082 ## - DEWEY DECIMAL CLASSIFICATION NUMBER |
| Classification number |
FIC BOS |
| 100 1# - MAIN ENTRY--PERSONAL NAME |
| Personal name |
Bosch, Pseudonymous. |
| Relator term |
author |
| 245 10 - TITLE STATEMENT |
| Title |
If you're reading this, it's too late / |
| Statement of responsibility, etc. |
Pseudonymous Bosch ; illustrations by Gilbert Ford. |
| 246 3# - VARYING FORM OF TITLE |
| Title proper/short title |
If you are reading this, it is too late. |
| 250 ## - EDITION STATEMENT |
| Edition statement |
1st pbk. ed. |
| 260 ## - PUBLICATION, DISTRIBUTION, ETC. |
| Place of publication, distribution, etc. |
New York : |
| Name of publisher, distributor, etc. |
Little, Brown, |
| Date of publication, distribution, etc. |
2009, c2008. |
| 300 ## - PHYSICAL DESCRIPTION |
| Extent |
385 p. : |
| Other physical details |
ill. ; |
| Dimensions |
20 cm. |
| 490 1# - SERIES STATEMENT |
| Series statement |
Secret series ; |
| Volume/sequential designation |
bk. 2. |
| 500 ## - GENERAL NOTE |
| General note |
Sequel to: The name of this book is secret. |
| 520 ## - SUMMARY, ETC. |
| Summary, etc. |
Cass and Max-Ernest discover the Museum of Magic, unscramble more coded messages, and solve new mysteries in their attempt to thwart the Terces Society's ambitions of discovering immortality. |
| 521 1# - TARGET AUDIENCE NOTE |
| Target audience note |
9-12. |
| 650 #0 - SUBJECT ADDED ENTRY--TOPICAL TERM |
| Topical term or geographic name entry element |
Magic tricks |
| Form subdivision |
Juvenile fiction. |
| 650 #0 - SUBJECT ADDED ENTRY--TOPICAL TERM |
| Topical term or geographic name entry element |
Adventure stories. |
| 650 #0 - SUBJECT ADDED ENTRY--TOPICAL TERM |
| Topical term or geographic name entry element |
Immortality |
| Form subdivision |
Juvenile fiction. |
| 700 1# - ADDED ENTRY--PERSONAL NAME |
| Personal name |
Ford, Gilbert, |
| Relator term |
illustrator |
| 800 ## - SERIES ADDED ENTRY--PERSONAL NAME |
| Personal name |
Bosch, Pseudonymous. |
| Title of a work |
Secret series ; |
| Volume/sequential designation |
bk. 2. |
| 942 ## - ADDED ENTRY ELEMENTS (KOHA) |
| Source of classification or shelving scheme |
|
| Koha item type |
Books - Fiction |